000 00397nam a2200145Ia 4500
003 GCL
008 140319s9999 xx 000 0 ara d
040 _aGCL /
_cGCL
082 0 4 _a811.2
_bش ق
100 1 _aمحمود محمد شاكر
245 1 0 _aالقوس العذراء /
_cمحمود محمد شاكر
700 1 _aالشماخ, الشماخ بن ضرار
300 _a76 ص
490 _a
999 _c37803
_d37803